Mezinárodní cestovní ruch
Medzinárodný cestovný ruch a jeho vývoj. Príjmy z cestovného ruchu vo svetových regiónoch v r. 2008. Bezpečnosť a istota v medzinárodnom cestovnom ruchu. Globalizačné vplyvy. Trendy v dopyte európskych turistov. Incentívny a kongresový cestovný ruch. Česká republika v medzinárodnom kontexte. Koncepc...
Salvato in:
| Autore principale: | |
|---|---|
| Natura: | Capitolo di libro |
| Lingua: | ceco |
| Soggetti: | |
| Tags: |
Nessun Tag, puoi essere il primo ad aggiungerne!!
|
MARC
| LEADER | 00000naa$a2200000$$$4500 | ||
|---|---|---|---|
| 001 | 0128142 | ||
| 005 | 20240502083322.5 | ||
| 041 | 0 | |a cze | |
| 044 | |a CZ | ||
| 245 | 1 | 0 | |a Mezinárodní cestovní ruch |c Ľudmila Novacká |
| 520 | |a Medzinárodný cestovný ruch a jeho vývoj. Príjmy z cestovného ruchu vo svetových regiónoch v r. 2008. Bezpečnosť a istota v medzinárodnom cestovnom ruchu. Globalizačné vplyvy. Trendy v dopyte európskych turistov. Incentívny a kongresový cestovný ruch. Česká republika v medzinárodnom kontexte. Koncepcia rozvoja českého cestovného ruchu s názvom Destinace Česká republika - jednička v srdci Evropy. | ||
| 610 | 2 | 0 | |a ruch cestovný medzinárodný |
| 610 | 2 | 0 | |a turistika |
| 610 | 2 | 0 | |a ruch cestovný kongresový |
| 610 | 2 | 0 | |a vývoj |
| 610 | 2 | 0 | |a globalizácia |
| 610 | 2 | 0 | |a bezpečnosť |
| 610 | 2 | 0 | |a ponuka |
| 610 | 2 | 0 | |a dopyt |
| 610 | 2 | 0 | |a príjmy |
| 610 | 2 | 0 | |a služby |
| 610 | 2 | 0 | |a kvalita |
| 610 | 2 | 0 | |a Česko |
| 100 | 1 | |a Novacká, Ľudmila, 1953- | |